[Event "Uljanovsk op"]
[Site "Uljanovsk"]
[Date "2009.08.30"]
[Round "9"]
[White "Akayomov, Konstantin"]
[Black "Kuznetsov, Dmitry"]
[Result "0-1"]
[WhiteElo "1999"]
[BlackElo "2035"]
[PlyCount "69"]
[EventDate "2009.08.26"]
[EventType "swiss"]
[EventRounds "9"]
[EventCountry "RUS"]
[SourceTitle "CBM 132 Extra"]
[Source "ChessBase"]
[SourceDate "2009.11.03"]
[SourceVersion "1"]
[SourceVersionDate "2009.11.03"]
[SourceQuality "1"]

1. d4 d5 2. c4 e6 3. Nf3 c6 4. Nc3 dxc4 5. a4 Bb4 6. Bg5 f6 7. Bf4 Ne7 8. e4 b5 9. axb5 cxb5 10. Be2 Bb7 11. 0-0 Bxc3 12. bxc3 Bxe4 13. Nd2 Bd5 14. Bh5+ Ng6 15. Qb1 Qd7 16. Bxb8 Rxb8 17. Bxg6+ hxg6 18. Qxg6+ Kf8 19. Ne4 Qc7 20. h3 Rh6 21. Qg3 Qxg3 22. Nxg3 f5 23. Ne2 Rb7 24. Ra6 g5 25. Rfa1 Rhh7 26. f4 g4 27. hxg4 fxg4 28. Ng3 b4 29. cxb4 Rxb4 30. Ne2 Rb2 31. R6a2 c3 32. Rxb2 cxb2 33. Rb1 Bb7 34. Nc3 Re7 35. Rxb2 0-1

[Event "Uljanovsk op"]
[Site "Uljanovsk"]
[Date "2009.08.29"]
[Round "7"]
[White "Gruzdev, Artem"]
[Black "Akayomov, Konstantin"]
[Result "0-1"]
[WhiteElo "1688"]
[BlackElo "1999"]
[PlyCount "45"]
[EventDate "2009.08.26"]
[EventType "swiss"]
[EventRounds "9"]
[EventCountry "RUS"]
[SourceTitle "CBM 132 Extra"]
[Source "ChessBase"]
[SourceDate "2009.11.03"]
[SourceVersion "1"]
[SourceVersionDate "2009.11.03"]
[SourceQuality "1"]

1. Nf3 Nf6 2. g3 g6 3. Bg2 Bg7 4. 0-0 0-0 5. d3 c5 6. Nbd2 Nc6 7. e4 d6 8. c3 Rb8 9. Qe2 b5 10. Ne1 Bb7 11. f4 Nd7 12. Nc2 a5 13. Rb1 a4 14. Nf3 b4 15. Bd2 Ba6 16. c4 b3 17. Ne3 bxa2 18. Ra1 Rxb2 19. Qd1 Nd4 20. e5 dxe5 21. Qxa4 Nxf3+ 22. Bxf3 Rxd2 23. Qxa6 0-1

[Event "Uljanovsk-ch"]
[Site "Uljanovsk"]
[Date "2009.03.19"]
[Round "6"]
[White "Kolosov, Anatoly G"]
[Black "Akayomov, Konstantin"]
[Result "1-0"]
[WhiteElo "1936"]
[BlackElo "2027"]
[PlyCount "68"]
[EventDate "2009.03.14"]
[EventType "swiss"]
[EventRounds "9"]
[EventCountry "RUS"]
[SourceTitle "EXT 2010"]
[Source "ChessBase"]
[SourceDate "2010.11.25"]
[SourceVersion "1"]
[SourceVersionDate "2010.11.25"]
[SourceQuality "1"]

1. e4 d5 2. Nc3 d4 3. Nce2 c5 4. d3 Nc6 5. f4 Nf6 6. Nf3 Bg4 7. Ng3 Bxf3 8. Qxf3 Qa5+ 9. Bd2 Nb4 10. Qd1 Qc7 11. a3 Nc6 12. Be2 e5 13. 0-0 Nd7 14. Bg4 0-0-0 15. fxe5 Ncxe5 16. Bf4 Kb8 17. Bxd7 Rxd7 18. Qh5 Bd6 19. Qh3 g6 20. Ne2 h5 21. Bxe5 Bxe5 22. Nf4 g5 23. Nxh5 f6 24. g4 Bf4 25. Qg2 Rdh7 26. h3 c4 27. Rf3 Rh6 28. Raf1 c3 29. b3 a5 30. Nxf4 gxf4 31. Qh2 Ka7 32. Kg2 Qc5 33. Qxf4 Qxa3 34. e5 fxe5 1-0

[Event "Uljanovsk-ch"]
[Site "Uljanovsk"]
[Date "2009.03.17"]
[Round "4"]
[White "Tsai, Roman"]
[Black "Akayomov, Konstantin"]
[Result "1-0"]
[WhiteElo "2090"]
[BlackElo "2027"]
[PlyCount "58"]
[EventDate "2009.03.14"]
[EventType "swiss"]
[EventRounds "9"]
[EventCountry "RUS"]
[SourceTitle "EXT 2010"]
[Source "ChessBase"]
[SourceDate "2010.11.25"]
[SourceVersion "1"]
[SourceVersionDate "2010.11.25"]
[SourceQuality "1"]

1. e4 e5 2. Nf3 Nf6 3. Nc3 Nc6 4. Bc4 Be7 5. d3 0-0 6. 0-0 a6 7. h3 b5 8. Bb3 Bb7 9. Ne2 d5 10. exd5 Nxd5 11. Ng3 Nf4 12. Re1 Bc5 13. Ne4 Bb6 14. Bxf4 exf4 15. Nfg5 h6 16. Qh5 Ne5 17. Ne6 fxe6 18. Qxe5 Kh8 19. Qxe6 f3 20. Rf1 fxg2 21. Kxg2 Bc8 22. Qg6 c5 23. Be6 Bb7 24. Bf5 Qg5+ 25. Qxg5 hxg5 26. Bg4 c4 27. Be2 Rae8 28. f3 cxd3 29. Bxd3 Bxe4 1-0

[Event "Uljanovsk Privolje op"]
[Site "Uljanovsk"]
[Date "2009.01.31"]
[Round "1"]
[White "Akayomov, Konstantin"]
[Black "Rodchenkov, Vitaly"]
[Result "0-1"]
[WhiteElo "2023"]
[BlackElo "2413"]
[PlyCount "83"]
[EventDate "2009.01.31"]
[EventType "swiss"]
[EventRounds "9"]
[EventCountry "RUS"]
[SourceTitle "EXT 2022"]
[Source "ChessBase"]
[SourceDate "2021.10.06"]
[SourceVersion "1"]
[SourceVersionDate "2021.10.06"]
[SourceQuality "1"]

1. c4 c5 2. g3 Nf6 3. Bg2 e6 4. Nc3 d5 5. cxd5 exd5 6. d3 d4 7. Ne4 Nxe4 8. Bxe4 Be7 9. Bf4 0-0 10. Nf3 Nd7 11. Ne5 Nf6 12. Bg2 Bd6 13. Qd2 g5 14. Bxg5 Bxe5 15. Bh6 Ng4 16. Bxf8 Qxf8 17. Qg5+ Bg7 18. 0-0 h6 19. Qd2 Qe7 20. Rfc1 Be6 21. Rc2 Rd8 22. h3 Ne5 23. Rac1 b6 24. b4 c4 25. dxc4 d3 26. exd3 Bxh3 27. Qe2 Bg4 28. Qe4 Qxb4 29. d4 f5 30. Qe3 Ng6 31. Bd5+ Kh7 32. Kg2 Qf8 33. f3 f4 34. Qd3 Bf5 35. Be4 Bxe4 36. Qxe4 Rxd4 37. Qe1 fxg3 38. Qxg3 Be5 39. Qf2 Nh4+ 40. Kf1 Rf4 41. Rc3 Bxc3 42. Rxc3 0-1

[Event "Uljanovsk Privolje op"]
[Site "Uljanovsk"]
[Date "2009.01.31"]
[Round "2"]
[White "Golubnichaya, Elena"]
[Black "Akayomov, Konstantin"]
[Result "0-1"]
[WhiteElo "1762"]
[BlackElo "2023"]
[PlyCount "61"]
[EventDate "2009.01.31"]
[EventType "swiss"]
[EventRounds "9"]
[EventCountry "RUS"]
[SourceTitle "EXT 2022"]
[Source "ChessBase"]
[SourceDate "2021.10.06"]
[SourceVersion "1"]
[SourceVersionDate "2021.10.06"]
[SourceQuality "1"]

1. d4 Nf6 2. Bg5 h6 3. Bxf6 exf6 4. e3 d5 5. Bd3 Bd6 6. Qf3 c6 7. Ne2 h5 8. h3 Nd7 9. Nd2 Nf8 10. 0-0-0 Ne6 11. g4 h4 12. Rdg1 Bd7 13. Qg2 Qa5 14. a3 0-0-0 15. Nb3 Qc7 16. f4 Kb8 17. c4 c5 18. cxd5 cxd4+ 19. Kb1 Qb6 20. dxe6 Qxb3 21. Bc2 Qxe6 22. Nxd4 Qxe3 23. Qe4 Qxf4 24. Qxf4 Bxf4 25. Bf5 Bxf5+ 26. gxf5 Rxd4 27. Rxg7 Be5 28. Rxf7 Rd2 29. b3 Rb2+ 30. Kc1 Rc8+ 31. Kd1 0-1

[Event "Uljanovsk op"]
[Site "Uljanovsk"]
[Date "2008.02.06"]
[Round "9"]
[White "Olisov, Andrey"]
[Black "Akayomov, Konstantin"]
[Result "1/2-1/2"]
[WhiteElo "1958"]
[BlackElo "2050"]
[PlyCount "57"]
[EventDate "2008.02.01"]
[EventType "swiss"]
[EventRounds "9"]
[EventCountry "RUS"]
[SourceTitle "EXT 2009"]
[Source "ChessBase"]
[SourceDate "2008.11.26"]
[SourceVersion "1"]
[SourceVersionDate "2008.11.26"]
[SourceQuality "1"]

1. e4 d5 2. exd5 Nf6 3. d4 Nxd5 4. Nc3 Nxc3 5. bxc3 e6 6. Nf3 Nd7 7. Bd3 Be7 8. 0-0 Nf6 9. Ne5 0-0 10. Ng4 b6 11. Nxf6+ Bxf6 12. Ba3 Re8 13. Qe2 Bb7 14. Be4 Bxe4 15. Qxe4 Qd5 16. Qd3 h6 17. Bc1 c5 18. Be3 c4 19. Qd2 b5 20. Rad1 Be7 21. Rfe1 Bd6 22. Bf4 a5 23. Bxd6 Qxd6 24. Re5 Rab8 25. Qc1 Red8 26. Rde1 b4 27. Rc5 bxc3 28. Rxc4 Rdc8 29. Ra4 1/2-1/2

[Event "Uljanovsk op"]
[Site "Uljanovsk"]
[Date "2008.02.05"]
[Round "8"]
[White "Akayomov, Konstantin"]
[Black "Kalugin, Yury"]
[Result "1/2-1/2"]
[WhiteElo "2050"]
[BlackElo "1944"]
[PlyCount "57"]
[EventDate "2008.02.01"]
[EventType "swiss"]
[EventRounds "9"]
[EventCountry "RUS"]
[SourceTitle "EXT 2009"]
[Source "ChessBase"]
[SourceDate "2008.11.26"]
[SourceVersion "1"]
[SourceVersionDate "2008.11.26"]
[SourceQuality "1"]

1. e4 e5 2. Nf3 Nc6 3. Bc4 Nf6 4. d4 exd4 5. e5 d5 6. exf6 dxc4 7. 0-0 Be6 8. fxg7 Bxg7 9. Ng5 0-0 10. f4 Qd7 11. Nxh7 Kxh7 12. Qh5+ Kg8 13. f5 Bxf5 14. Rxf5 Rae8 15. Nd2 Re1+ 16. Rf1 Qe6 17. Nf3 Rxf1+ 18. Kxf1 Re8 19. Bd2 c3 20. bxc3 Qc4+ 21. Kg1 dxc3 22. Bh6 Bxh6 23. Qxh6 Re6 24. Qh3 Rg6 25. Re1 Kf8 26. Qh8+ Rg8 27. Qh6+ Rg7 28. Qh8+ Rg8 29. Qh6+ 1/2-1/2